000 01392nam a22003731i 4500
999 _c28520
_d28491
001 016627985
003 EG-ScBUE
005 20200719163641.0
006 m||||fq||h 00| 0
008 140206r20182014enk f 000 0 eng d
020 _a9781107614093 (pbk.)
040 _aStDuBDS
_beng
_erda
_cStDuBDS
_dUk
_dEG-ScBUE
082 0 4 _a428.34071
_bSTI
_222
100 1 _aStirling, Johanna,
_eauthor.
245 1 0 _aUnlock :
_breading & writing skills.
_n4,
_pTeacher's book /
_cJohanna Stirling.
246 3 0 _aTeacher's book
250 _aReprinted edition.
264 1 _aCambridge, United Kingdom :
_bCambridge University Press,
_c2018.
300 _a134 pages ;
_c27 cm +
_e1 DVD.
336 _atext
_2rdacontent
_btxt
336 _atwo-dimensional moving image
_2rdacontent
_btxt
337 _aunmediated
_2rdamedia
_bn
337 _avideo
_2rdamedia
_bn
338 _avolume
_2rdacarrier
_bnc
338 _avideodisc
_2rdacarrier
_bnc
490 0 _aCambridge discovery education skills
500 _aFormerly CIP.
_5Uk
650 7 _aEnglish language
_xStudy and teaching
_vTextbooks for foreign speakers.
_2BUEsh
650 7 _aEnglish language
_xSpoken English
_xStudy and teaching
_xForeign speakers.
_2BUEsh
650 7 _aEnglish language
_xStudy and teaching
_xForeign speakers
_xAudio-visual aids.
_2BUEsh
653 _bHHUUEENN
_cJuly2020
655 _vReading book
_934232
942 _2ddc
_cBB